000 00494nam a22001937a 4500
003 LK-CoMWRAF
005 20231028055943.0
008 231028b |||||||| |||| 00| 0 eng d
020 _a9789555213004
040 _aLK-CoMWRAF
_dLK-CoMWRAF
_eLK-CoMWRAF
041 _aeng
082 _a823
_bHER
100 _aHerath, Ayesha
245 _aFires from kili
260 _aSri Lanka :
_bAyesha Herath.
_c2010
300 _a 235 p. ; 21 cm.
650 _aEnglish Fiction--Sri Lanka
942 _cBK
999 _c4027
_d4027